City Link #1 - Statistics

General Stats
  • This quiz has been taken 6 times
  • The average score is 8 of 30
Answer Stats
Hint Answer % Correct
Type letters 2-4 of Mauritania's capital city (958,399) Oua (Nouakchott)
83%
Type the first letter of Xinjiang Province's capital city (2,860,654) Ü (Ürümqi)
67%
___ü___, North Rhine-Westphalia, Germany (573,057) Düsseldorf
50%
___ü___, Schleswig-Holstein, Germany (212,207) Lübeck
50%
Type the first two letters of D.R. Congo's second largest city (1,213,726) Mb (Mbuji-Mayi)
50%
___ü___, Switzerland (341,730) Zürich
50%
___mb___, Ecuador (165,185) Ambato
33%
___ü___, Cuba (310,182) Camagüey
33%
___oua, Cameroon (235,996 | 201,371) Garoua | Maroua
33%
___pur, Uttar Pradesh, India (2,768,057) Kanpur
33%
Mb___, Tanzania (385,279) Mbeya
33%
___oua___, Mauritania (118,167) Nouadhibou
33%
Oua___, Burkina Faso (1,475,223) Ouagadougou
33%
Oua___, Algeria (169,928) Ouargla
33%
Type the last 3 letters of the largest city in Rajasthan, India (3,046,163) Pur (Jaipur)
33%
We___, Shandong, China (2,800,939) Weifang
33%
Type the last 2 letters of Zambia's second largest city (501,360) We (Kitwe)
33%
___we, Zambia (202,360) Kabwe
17%
___pur, Nepal (183,310 | 107,157) Lalitpur | Bharatpur
17%
___mb___, Sri Lanka (137,223) Negombo
17%
___pur, Bangladesh (343,122) Rangpur
17%
___pur, Maharashtra, India (951,558) Solapur
17%
We___, South Africa (211,014) Welkom
17%
___mb___, Philippines (457,623) Zamboanga
17%
___ü___, Dominican Republic (147,978) Higüey
0%
___mb___, Mozambique (200,529) Pemba
0%
Pur___, Odisha, India (200,564) Puri
0%
___we, Myanmar (177,743) Sittwe
0%
___oua, Niger (117,826) Tahoua
0%
We___, England, United Kingdom (90,045) Wembley
0%
No matching quizzes found
Score Distribution
Percent of People with Each Score
Percentile by Number Answered
Your Score History
You have not taken this quiz